000 00796nam a2200265Ia 4500
005 20260302114017.0
008 008 260114s9999 xx 000 0 eng d
020 _a9798881818319
037 _aTextbook
040 _aCRL
040 _beng
040 _cCRL
041 _2eng
041 _aeng
084 _qCRL
100 _aKaren A. Haworth , Terry J. Prewitt
_91117492
245 4 _aThe Evolution of Human Consciousness and Linguistic Behavior A Synthetic Approach to the Anthropology and Archaeology of Language Origins
260 _bBloomsbury
260 _bRowman & Littlefield
260 _c2020
650 _aLinguistics
856 _uhttps://doi.org/10.5040/9798881818319?locatt=label:secondary_bloomsburyCollections
942 _cEBOOK
999 _c1681022
_d1681022